OPEC加盟国サドンデス - Statistics

General Stats
  • This quiz has been taken 200 times
  • The average score is 3 of 13
Answers on the Grid
Answers color-coded by a green-red scale on the quiz's grid according to % correct below.
ベネズエラ
バーレーン
UAE
リビア
エジプト
赤道ギニア
ガボン
インドネシア
ロシア
アメリカ
オーストラリア
チュニジア
エクアドル
アルジェリア
クウェート
オマーン
アゼルバイジャン
カナダ
メキシコ
ノルウェー
イギリス
イラン
イラク
サウジアラビア
アンゴラ
ナイジェリア
コンゴ
シリア
トルコ
ブラジル
 
Answer Stats
Answer % Correct
UAE
62%
サウジアラビア
55%
クウェート
37%
イラン
27%
イラク
25%
ベネズエラ
18%
ナイジェリア
12%
リビア
10%
アルジェリア
8%
アンゴラ
7%
赤道ギニア
6%
ガボン
5%
コンゴ
3%
No matching quizzes found
Score Distribution
Percent of People with Each Score
Percentile by Number Answered
Your Score History
You have not taken this quiz